| 000 | 01563cam a2200409 a 4500 | ||
|---|---|---|---|
| 001 | 3997213 | ||
| 003 | OSt | ||
| 005 | 20260616151030.0 | ||
| 008 | 960314s1996 miu b 001 0 eng | ||
| 010 | _a 96012910 | ||
| 020 | _a0310493404 | ||
| 020 | _z9780310773740 (epub) | ||
| 020 | _a9780310493402 | ||
| 035 | _a3997213 | ||
| 040 |
_aDLC _cDLC _dDLC |
||
| 050 | 0 | 0 |
_aBS2695.3 _b.S66 1996 |
| 082 | 0 | 0 |
_a227/.5077 _220 |
| 100 | 1 | _aSnodgrass, Klyne. | |
| 245 | 1 | 0 |
_aEphesians / _cKlyne Snodgrass. |
| 260 |
_aGrand Rapids, Mich. : _bZondervan, _cc1996. |
||
| 300 |
_a384 p. ; _c24 cm. |
||
| 336 |
_atext _btxt _2rdacontent |
||
| 337 |
_aunmediated _bn _2rdamedia |
||
| 338 |
_avolume _bnc _2rdacarrier |
||
| 440 | 4 | _aThe NIV application commentary | |
| 504 | _aIncludes bibliographical references (p. 32-36) and indexes. | ||
| 583 |
_aCataloguing: _c20260616 _kgtanuigtanui |
||
| 630 | 0 | 0 |
_aBible. _pEphesians _xCommentaries. |
| 730 | 0 | 2 |
_aBible. _pEphesians. _lEnglish. _sNew International. _f1996. |
| 856 | 4 | 2 |
_3Publisher description _uhttp://www.loc.gov/catdir/enhancements/fy0633/96012910-d.html |
| 856 | 4 | 1 |
_3Table of contents only _uhttp://www.loc.gov/catdir/enhancements/fy0633/96012910-t.html |
| 856 | 4 | 1 |
_3Sample text _uhttp://www.loc.gov/catdir/enhancements/fy0642/96012910-s.html |
| 906 |
_a7 _bcbc _corignew _d1 _eocip _f19 _gy-gencatlg |
||
| 942 |
_2lcc _cBK |
||
| 999 |
_c21685 _d21684 |
||